| 000 | 00796nam a2200241 a 4500 | ||
|---|---|---|---|
| 001 | 000024885 | ||
| 005 | 20200930023428.0 | ||
| 008 | 110207s1955 sp ac r 001 0 spa d | ||
| 040 |
_aDO-SdBNP _bspa _cBNPHU |
||
| 082 |
_axxxxx _bS795e |
||
| 100 | 1 |
_aStarkie , Walter F _94000 |
|
| 245 | 1 | 3 |
_aLa españa de Cisneros / _cWalter Starkie ; traducción Alberto de Mestas. |
| 250 | _a2a ed. | ||
| 260 |
_aBarcelona, España : _bJuventud, _c1955. |
||
| 300 |
_a488 p. : _bil., retrs. ; _c22.5 cm. |
||
| 490 | 1 | _aGrandes biografías. | |
| 500 | _aIncluye referencia bibliográfica p. [471-482]. | ||
| 500 | _aIncluye índice de nombres. | ||
| 500 | _aIncluye notas al pie de las páginas. | ||
| 700 | 1 |
_aMestas, Alberto de, _etr. _951075 |
|
| 830 | 0 |
_aGrandes biografías. _911230 |
|
| 049 | _aBNGR | ||
| 999 |
_c24378 _d24378 |
||